Catálogo público

Almacenamiento y Conservación de Productos Agrícolas Tropicales [S.P.I.] (Record no. 173238)

MARC details
000 -CABECERA
campo de control de longitud fija 00723nam a2200253Ia 4500
001 - NÚMERO DE CONTROL
campo de control dia_2721
003 - IDENTIFICADOR DEL NÚMERO DE CONTROL
campo de control CHAP
005 - FECHA Y HORA DE LA ÚLTIMA TRANSACCIÓN
campo de control 20230313095056.0
008 - DATOS DE LONGITUD FIJA--INFORMACIÓN GENERAL
campo de control de longitud fija 220117s9999 xx 000 0 und d
010 ## - NÚMERO DE CONTROL DE LA BIBLIOTECA DEL CONGRESO
Número de control de LC 173238
040 ## - FUENTE DE LA CATALOGACIÓN
Centro/agencia transcriptor CHAP
082 ## - NÚMERO DE LA CLASIFICACIÓN DECIMAL DEWEY
Número de clasificación 664.028 C67
100 ## - ENTRADA PRINCIPAL--NOMBRE DE PERSONA
Nombre de persona Coursey, D. G.
9 (RLIN) 28649
245 ## - MENCIÓN DE TÍTULO
Título Almacenamiento y Conservación de Productos Agrícolas Tropicales [S.P.I.]
264 ## - PRODUCCIÓN, PUBLICACIÓN, DISTRIBUCIÓN, FABRICACIÓN Y COPYRIGHT
Fecha de producción, publicación, distribución, fabricación o copyright
300 ## - DESCRIPCIÓN FÍSICA
Extensión 18P.
650 ## - PUNTO DE ACCESO ADICIONAL DE MATERIA--TÉRMINO DE MATERIA
Término de materia o nombre geográfico como elemento de entrada Frutas
Subdivisión general Preservacion
9 (RLIN) 153402
650 ## - PUNTO DE ACCESO ADICIONAL DE MATERIA--TÉRMINO DE MATERIA
Término de materia o nombre geográfico como elemento de entrada Hortalizas
Subdivisión general Preservacion
9 (RLIN) 153403
650 ## - PUNTO DE ACCESO ADICIONAL DE MATERIA--TÉRMINO DE MATERIA
Término de materia o nombre geográfico como elemento de entrada Productos Agricolas
Subdivisión general Almacenamiento
9 (RLIN) 91897
901 ## - ELEMENTOS DE DATOS A LOCAL LDA (RLIN)
a 664.028 C67
902 ## - ELEMENTOS DE DATOS B LOCAL, LDB (RLIN)
a M
905 ## - ELEMENTOS DE DATOS E LOCAL, LDE (RLIN)
a 000000 0000000000 00
942 ## - ELEMENTOS DE PUNTO DE ACCESO ADICIONAL (KOHA)
Tipo de ítem Koha Libro
Fuente del sistema de clasificación o colocación Dewey Decimal Classification
Holdings
Estado de retiro Estado de pérdida Fuente del sistema de clasificación o colocación Estado dañado No para préstamo Código de colección Localización permanente Ubicación/localización actual Fecha de adquisición Información codificada de la localización en otra ubicación Total de préstamos Signatura topográfica completa Código de barras Fecha visto por última vez Fecha del último préstamo Número de copia Precio válido a partir de Tipo de ítem Koha
    Dewey Decimal Classification     General Ingenieria Agroindustrial Ingenieria Agroindustrial 18/01/2022 1 1 664.028 C67 dia_826 05/09/2024 05/09/2024 1 18/01/2022 Libro